000
00304nam a2200109Ia 4500
008
180205s9999 xx 000 0 und d
020
_a
9812471030
100
_a
Case, Karl E.
245
_a
Principle of international aconomics /
260
_a
Quezon City
_b
Pearson Education
_c
2003
300
_a
vi,743 pages
999
_c
354669
_d
354669